Mémoires de Benjamin Aubery du Maurier, ambassadeur protestant de Louis XIII (1566 - 1636)
| Subtitles: | Mémoires de Benjamin Aubery du Maurier |
|---|---|
| Main Author: | |
| Contributors: | |
| Format: | Print Book |
| Language: | French |
| Subito Delivery Service: | Order now. |
| Check availability: | HBZ Gateway |
| WorldCat: | WorldCat |
| Interlibrary Loan: | Interlibrary Loan for the Fachinformationsdienste (Specialized Information Services in Germany) |
| Published: |
Genève
Droz
2010
|
| In: |
Travaux du grand siècle (35)
Year: 2010 |
| Reviews: | [Rezension von: Martin, Claire, Mémoires de Benjamin Aubery du Maurier: Ambassadeur Protestant de Louis XIII (1566–1636)] (2012) (Thomson, Erik)
|
| Series/Journal: | Travaux du grand siècle
35 |
| Standardized Subjects / Keyword chains: | B
Aubéry du Maurier, Benjamin 1566-1636
B France / Foreign policy / Diplomacy / History 1610-1630 |
| Further subjects: | B
Autobiography
B Spring |
| Online Access: |
Review |
MARC
| LEADER | 00000cam a2200000 c 4500 | ||
|---|---|---|---|
| 001 | 637214137 | ||
| 003 | DE-627 | ||
| 005 | 20251223224035.0 | ||
| 007 | tu | ||
| 008 | 210928s2010 sz ||||| 00| ||fre c | ||
| 020 | |a 9782600014137 |9 978-2-600-01413-7 | ||
| 024 | 3 | |a 9782600014137 | |
| 035 | |a (DE-627)637214137 | ||
| 035 | |a (DE-576)331812908 | ||
| 035 | |a (DE-599)GBV637214137 | ||
| 035 | |a (OCoLC)699914124 | ||
| 035 | |a (OCoLC)699914124 | ||
| 040 | |a DE-627 |b ger |c DE-627 |e rakwb | ||
| 041 | |a fre | ||
| 044 | |c XA-CH | ||
| 050 | 0 | |a DC | |
| 082 | 0 | |a G:fr S:pg Z:32 |q BSZ | |
| 082 | 0 | |a 944 |2 21 | |
| 084 | |a 1 |2 ssgn | ||
| 084 | |a NN 3970 |2 rvk |0 (DE-625)rvk/126871: | ||
| 084 | |a 15.65 |2 bkl | ||
| 100 | 1 | |0 (DE-588)142433004 |0 (DE-627)636278700 |0 (DE-576)330675060 |4 aut |a Aubéry du Maurier, Benjamin |d 1566-1636 | |
| 109 | |a Aubery DuMaurier, Benjamin 1566-1636 |a Aubery-DuMarier, Benjamin 1566-1636 |a Auberus Maurerius, Benjaminus 1566-1636 |a Aubéry, Benjamin 1566-1636 |a DuMaurier, Benjamin Aubéry 1566-1636 |a Du Maurier, Benjamin Aubéry 1566-1636 |a Morerius, Benjaminus 1566-1636 |a Aubery- du Marier, Benjamin 1566-1636 |a Morerius, ... 1566-1636 |a Auberius Maurerius, Benjamin 1566-1636 |a Maurerius, Beniaminus Auberius 1566-1636 |a Auberius Maurerius, Benjaminus 1566-1636 |a Aubery, Benjamin van Maurier 1566-1636 |a Aubery, Benjamin 1566-1636 |a Maurier, Benjamin Aubéry du 1566-1636 |a Aubéry du Maurier, Benjamin 1566-1636 |a Maurerius, Benjaminus Auberius 1566-1636 |a Maurerius, Benjamin Auberius 1566-1636 |a Du Maurier, ... 1566-1636 |a Du Maurière, ... 1566-1636 |a Aubery du Maurier, Benjamin 1566-1636 |a Du Maurier, I. 1566-1636 |a Maurice, ... Sieur 1566-1636 |a Maurerius, Benjamin Aubery 1566-1636 |a Maurier, Benjamin Aubery du 1566-1636 | ||
| 245 | 1 | 0 | |a Mémoires de Benjamin Aubery du Maurier, ambassadeur protestant de Louis XIII (1566 - 1636) |c ed. et introd. par Claire Martin |
| 246 | 3 | 3 | |a Mémoires de Benjamin Aubery du Maurier |
| 264 | 1 | |a Genève |b Droz |c 2010 | |
| 300 | |a 445 S. |b graph. Darst. |c 25 cm | ||
| 336 | |a Text |b txt |2 rdacontent | ||
| 337 | |a ohne Hilfsmittel zu benutzen |b n |2 rdamedia | ||
| 338 | |a Band |b nc |2 rdacarrier | ||
| 490 | 1 | |a Travaux du grand siècle |v 35 | |
| 500 | |a Literaturverz. S. [386] - 418 | ||
| 583 | 1 | |a Archivierung prüfen |c 20240324 |f DE-4165 |z 2 |2 pdager | |
| 601 | |a Benjamin | ||
| 601 | |a Protestant | ||
| 655 | 7 | |a Autobiografie |0 (DE-588)4003939-0 |0 (DE-627)106388258 |0 (DE-576)208853251 |2 gnd-content | |
| 655 | 7 | |a Quelle |0 (DE-588)4135952-5 |0 (DE-627)105661236 |0 (DE-576)209665084 |2 gnd-content | |
| 689 | 0 | 0 | |d p |0 (DE-588)142433004 |0 (DE-627)636278700 |0 (DE-576)330675060 |2 gnd |a Aubéry du Maurier, Benjamin |d 1566-1636 |
| 689 | 0 | |5 DE-101 | |
| 689 | 2 | 0 | |d g |0 (DE-588)4018145-5 |0 (DE-627)106327232 |0 (DE-576)208922857 |2 gnd |a Frankreich |
| 689 | 2 | 1 | |d s |0 (DE-588)4003846-4 |0 (DE-627)10438896X |0 (DE-576)208852972 |2 gnd |a Außenpolitik |
| 689 | 2 | 2 | |d s |0 (DE-588)4012402-2 |0 (DE-627)104388927 |0 (DE-576)208898387 |2 gnd |a Diplomatie |
| 689 | 2 | 3 | |q z |2 gnd |a Geschichte 1610-1630 |
| 689 | 2 | |5 DE-101 | |
| 700 | 1 | |e Hrsg. |0 (DE-588)139297030 |0 (DE-627)60982208X |0 (DE-576)311102956 |4 edt |a Martin, Claire |d 1980- | |
| 787 | 0 | 8 | |i Rezensiert in |a Thomson, Erik |t [Rezension von: Martin, Claire, Mémoires de Benjamin Aubery du Maurier: Ambassadeur Protestant de Louis XIII (1566–1636)] |d 2012 |w (DE-627)1802424164 |
| 830 | 0 | |a Travaux du grand siècle |v 35 |9 3500 |w (DE-627)192207814 |w (DE-576)046333657 |w (DE-600)1304651-2 |x 1420-7699 |7 am | |
| 856 | 4 | 2 | |u http://www.sehepunkte.de/2011/04/19095.html |m V:DE-576;X:Sehepunkte |q text/html |v 20180413100558 |3 Rezension |7 1 |
| 935 | |i Blocktest | ||
| 936 | r | v | |a NN 3970 |b Quellen |k Geschichte |k Neuere Geschichte |k Geschichte der auswärtigen Staaten im Zeitalter der Entdeckungen und der Glaubensspaltung |k Frankreich und Übersee |k Quellen |0 (DE-627)1271466295 |0 (DE-625)rvk/126871: |0 (DE-576)201466295 |
| 936 | b | k | |a 15.65 |j Frankreich |x Geschichte |0 (DE-627)181571641 |
| 951 | |a BO | ||
| ELC | |b 1 | ||
| ORI | |a SA-MARC-ixtheo_oa001.raw | ||
| REL | |a 1 | ||
| STA | 0 | 0 | |a Diplomacy,Foreign policy,France,France,France,France,France,France,Northern France,Southern France,Occitania,Western France,Northeastern France,Eastern France |
| STB | 0 | 0 | |a Diplomatie,Politique étrangère |
| STC | 0 | 0 | |a Diplomacia,Política exterior |
| STD | 0 | 0 | |a Diplomazia,Politica estera |
| STE | 0 | 0 | |a 外交,外交手腕,外交政策,对外政策 |
| STF | 0 | 0 | |a 外交,外交手腕,外交政策,對外政策 |
| STG | 0 | 0 | |a Diplomacia,Política externa |
| STH | 0 | 0 | |a Внешняя политика,Дипломатия |
| STI | 0 | 0 | |a Διπλωματία,Εξωτερική πολιτική |
| SUB | |a REL | ||
| SYG | 0 | 0 | |a Du Maurier, Benjamin Aubéry,1566-1636,Maurier, Benjamin Aubéry du,1566-1636,Aubery, Benjamin van Maurier,1566-1636,Auberius Maurerius, Benjaminus,1566-1636,Auberius Maurerius, Benjamin,1566-1636,Auberus Maurerius, Benjaminus,1566-1636,Morerius, ...,1566-1636,Morerius, Benjaminus,1566-1636,Aubery- du Marier, Benjamin,1566-1636,DuMaurier, Benjamin Aubéry,1566-1636,Aubery DuMaurier, Benjamin,1566-1636,Aubery-DuMarier, Benjamin,1566-1636,Maurerius, Benjaminus Auberius,1566-1636,Maurerius, Benjamin Auberius,1566-1636,Maurerius, Beniaminus Auberius,1566-1636,Du Maurier, ...,1566-1636,Du Maurière, ...,1566-1636,Du Maurier, I.,1566-1636,Aubery du Maurier, Benjamin,1566-1636,Aubéry, Benjamin,1566-1636,Aubery, Benjamin,1566-1636,Maurice, ... Sieur,1566-1636,Maurier, Benjamin Aubery du,1566-1636,Maurerius, Benjamin Aubery,1566-1636 , France , France,La France,République Française,France,Francija,Französische Republik,Empire Français,République Française,France,Royaume Français,Fränkische Republik,Frankreich,Frankreich,Ṣārfat,Repubblica Francese , Aussenpolitik,Auswärtige Angelegenheiten,Auswärtige Politik,Außenbeziehungen |
| TIM | |a 100016100101_100016301231 |b Geschichte 1610-1630 | ||



